The architecture of light: recent approaches to designing with natural light

Αποθηκεύτηκε σε:
Λεπτομέρειες βιβλιογραφικής εγγραφής
Κύριος συγγραφέας: Steane, Mary Ann (Συγγραφέας)
Μορφή: Βιβλίο
Γλώσσα:Ισπανικά
Έκδοση: Nueva York Routledge 2011
Έκδοση:1a. ed
Θέματα:
Ετικέτες: Προσθήκη ετικέτας
Δεν υπάρχουν, Καταχωρήστε ετικέτα πρώτοι!

MARC

LEADER 00000cam a2200000 a 4500
001 UCE4565
003 CL-VaPUC
005 20231110142332.0
008 141030e20110000us |||||||||||||||||spa|d
999 |c 357467  |d 357465 
020 |a 9780415394796 
040 |c Pontificia Universidad Católica de Valparaíso 
082 0 4 |a 729.28  |b STE  |2 21 
100 0 |a Steane, Mary Ann  |e author  |9 577114 
245 1 4 |a The architecture of light: recent approaches to designing with natural light 
250 |a 1a. ed 
260 |a Nueva York  |b Routledge  |c 2011 
300 |a 246 p 
583 |a last modification  |c 20141030 14:13:00  |k Rodrigo Vera 
650 7 |a ILUMINACION ARQUITECTONICA  |2 CL-VaPUC  |9 577115 
650 0 |a Iluminación  |9 340311  |x Arquitectura  |x Diseño 
650 0 |a Luz natural   |9 369743 
942 |c BK  |2 ddc 
945 |d 20141030 14:13:00  |a arojas 
952 |0 0  |1 0  |3 erb  |4 0  |6 729_280000000000000_STE_2011  |7 0  |8 R  |9 465468  |a BIBARQ  |b BIBARQ  |i 5121809  |l 6  |o 729.28 STE 2011  |p 5121809  |r 2025-01-20  |s 2023-08-10  |w 2019-11-23  |y BK_R  |z Catalogado en:20141030  |k ARQ 
952 |0 0  |1 0  |2 ddc  |4 0  |6 729_280000000000000_STE_2011  |7 0  |8 R  |9 592396  |a BIBARQ  |b BIBARQ  |c RES  |d 2023-11-10  |e 3  |g 83989.00  |i 5659381  |o 729.28 STE 2011  |p 5659381  |r 2025-01-20  |t 2  |v 83989.00  |w 2023-11-10  |y BK_R  |k ARQ